[Event "Bundesliga 9899"]
[Site "Deutschland"]
[Date "1999.01.31"]
[Round "9.4"]
[White "Schmittdiel, Eckhard"]
[Black "Boensch, Uwe"]
[Result "1/2-1/2"]
[WhiteElo "2483"]
[BlackElo "2533"]
[PlyCount "43"]
[EventDate "1998.10.17"]
[EventType "team"]
[EventRounds "15"]
[EventCountry "GER"]
[SourceTitle "Bundesliga 9899"]
[Source "DeepChess"]
[SourceDate "2005.01.01"]
[SourceVersion "1"]
[SourceVersionDate "2005.01.01"]
[SourceQuality "1"]
[WhiteTeam "SG Bochum 31"]
[BlackTeam "Dresdner SC 1898"]
[WhiteTeamCountry "GER"]
[BlackTeamCountry "GER"]

1. e4 c5 2. c3 Nf6 3. e5 Nd5 4. d4 cxd4 5. Qxd4 e6 6. Nf3 Nc6 7. Qe4 f5 8. Qe2
d6 9. g3 dxe5 10. Nxe5 Bd6 11. Nxc6 bxc6 12. c4 Nf6 13. Bg2 Qc7 14. O-O O-O 15.
b3 Be5 16. Bb2 Bxb2 17. Qxb2 e5 18. Nc3 e4 19. f3 exf3 20. Rxf3 Bd7 21. Rd1
Rae8 22. Qd2 1/2-1/2

[Event "Bundesliga 9899"]
[Site "Deutschland"]
[Date "1999.01.31"]
[Round "9.5"]
[White "Tischbierek, Raj"]
[Black "Reschke, Stefan"]
[Result "1-0"]
[WhiteElo "2521"]
[BlackElo "2357"]
[PlyCount "73"]
[EventDate "1998.10.17"]
[EventType "team"]
[EventRounds "15"]
[EventCountry "GER"]
[SourceTitle "Bundesliga 9899"]
[Source "DeepChess"]
[SourceDate "2005.01.01"]
[SourceVersion "1"]
[SourceVersionDate "2005.01.01"]
[SourceQuality "1"]
[WhiteTeam "Dresdner SC 1898"]
[BlackTeam "SG Bochum 31"]
[WhiteTeamCountry "GER"]
[BlackTeamCountry "GER"]

1. g3 Nf6 2. Bg2 g6 3. e4 d6 4. d4 Bg7 5. Nc3 O-O 6. Nge2 c6 7. O-O e5 8. h3
Na6 9. Be3 Qe7 10. g4 Bxg4 11. hxg4 Nxg4 12. Bh3 Nxe3 13. fxe3 Qg5+ 14. Kh2
Qxe3 15. d5 Rad8 16. Ng3 Bh6 17. Rf3 Qd2+ 18. Qxd2 Bxd2 19. Rd1 Bxc3 20. Rxc3
c5 21. Nf1 Nc7 22. Ne3 Ne8 23. Rb3 b6 24. Nc4 Nc7 25. a4 Kg7 26. Rf3 f6 27. c3
Kf7 28. b4 cxb4 29. cxb4 Na6 30. Rb1 Ke7 31. a5 b5 32. Na3 Rb8 33. Rc3 Rb7 34.
Rc6 Nb8 35. a6 Rb6 36. Rc7+ Ke8 37. Rbc1 1-0

[Event "Bundesliga 9899"]
[Site "Deutschland"]
[Date "1999.01.31"]
[Round "9.7"]
[White "Goldberg, Alexander"]
[Black "Ankerst, Mihael"]
[Result "0-1"]
[WhiteElo "2405"]
[BlackElo "2316"]
[PlyCount "96"]
[EventDate "1998.10.17"]
[EventType "team"]
[EventRounds "15"]
[EventCountry "GER"]
[SourceTitle "Bundesliga 9899"]
[Source "DeepChess"]
[SourceDate "2005.01.01"]
[SourceVersion "1"]
[SourceVersionDate "2005.01.01"]
[SourceQuality "1"]
[WhiteTeam "Dresdner SC 1898"]
[BlackTeam "SG Bochum 31"]
[WhiteTeamCountry "GER"]
[BlackTeamCountry "GER"]

1. e4 c5 2. Nf3 e6 3. d4 cxd4 4. Nxd4 Nf6 5. Nc3 Nc6 6. Ndb5 d6 7. Bf4 e5 8.
Bg5 a6 9. Na3 b5 10. Nd5 Be7 11. Bxf6 Bxf6 12. c3 O-O 13. Nc2 Bg5 14. a4 bxa4
15. Rxa4 a5 16. Bc4 Rb8 17. b3 Kh8 18. O-O g6 19. Qd3 f5 20. f3 Bd7 21. Raa1
Rb7 22. Kh1 Qb8 23. Rfd1 Bd8 24. Na3 f4 25. Nb5 Be8 26. Ra2 h5 27. Rad2 g5 28.
Nxf4 exf4 29. Qxd6 Qxd6 30. Nxd6 Rb8 31. Rd5 Bf6 32. Bb5 Ne7 33. Bxe8 Nxd5 34.
Rxd5 Rbxe8 35. Nxe8 Rxe8 36. Rxa5 Rd8 37. h4 Kg7 38. e5 Rd1+ 39. Kh2 Bd8 40.
Ra7+ Kg6 41. hxg5 Bxg5 42. g4 hxg4 43. fxg4 Bh4 44. Kg2 Rd3 45. Ra1 Rxc3 46.
Rf1 Kg5 47. Rf3 Rc2+ 48. Kh1 Kxg4 0-1

[Event "Bundesliga 9899"]
[Site "Deutschland"]
[Date "1999.01.31"]
[Round "9.8"]
[White "Kitte, Sebastian"]
[Black "Heinatz, Thomas"]
[Result "1/2-1/2"]
[WhiteElo "2330"]
[BlackElo "2320"]
[PlyCount "67"]
[EventDate "1998.10.17"]
[EventType "team"]
[EventRounds "15"]
[EventCountry "GER"]
[SourceTitle "Bundesliga 9899"]
[Source "DeepChess"]
[SourceDate "2005.01.01"]
[SourceVersion "1"]
[SourceVersionDate "2005.01.01"]
[SourceQuality "1"]
[WhiteTeam "SG Bochum 31"]
[BlackTeam "Dresdner SC 1898"]
[WhiteTeamCountry "GER"]
[BlackTeamCountry "GER"]

1. d4 Nf6 2. c4 g6 3. Nc3 Bg7 4. e4 d6 5. Nf3 O-O 6. h3 c5 7. d5 e6 8. Bd3 exd5
9. exd5 Re8+ 10. Be3 a6 11. a4 Nbd7 12. O-O Qe7 13. Qd2 Qf8 14. Rae1 Rb8 15.
Kh2 h6 16. g4 Ne5 17. Nxe5 dxe5 18. f3 Nd7 19. Rg1 b6 20. Be4 Nf6 21. Rd1 Bd7
22. Qf2 Rec8 23. Rd2 Ne8 24. Bd3 a5 25. b3 Nd6 26. Kh1 Qe7 27. Ne4 Nxe4 28.
fxe4 Be8 29. Qg3 Rd8 30. h4 Rd6 31. Rf2 Rbd8 32. Rgf1 R8d7 33. g5 h5 34. Bd2
1/2-1/2

[Event "Bundesliga 9899"]
[Site "Deutschland"]
[Date "1999.01.31"]
[Round "9.2"]
[White "Votava, Jan"]
[Black "Kindermann, Stefan"]
[Result "0-1"]
[WhiteElo "2511"]
[BlackElo "2541"]
[PlyCount "172"]
[EventDate "1998.10.17"]
[EventType "team"]
[EventRounds "15"]
[EventCountry "GER"]
[SourceTitle "Bundesliga 9899"]
[Source "DeepChess"]
[SourceDate "2005.01.01"]
[SourceVersion "1"]
[SourceVersionDate "2005.01.01"]
[SourceQuality "1"]
[WhiteTeam "Erfurter SK"]
[BlackTeam "SAbt SV Werder Bremen"]
[WhiteTeamCountry "GER"]
[BlackTeamCountry "GER"]

1. e4 e6 2. d4 d5 3. Nc3 Bb4 4. e5 c5 5. Bd2 Ne7 6. dxc5 Nbc6 7. Qg4 O-O 8.
O-O-O f5 9. exf6 Rxf6 10. Bd3 e5 11. Qh4 Nf5 12. Bxf5 Bxf5 13. Bg5 Bxc3 14.
Bxf6 Bxb2+ 15. Kxb2 gxf6 16. f4 Qa5 17. Qg3+ Kh8 18. fxe5 Nxe5 19. Qb3 Nc4+ 20.
Ka1 Re8 21. c3 Bc2 22. Qxc2 Ne3 23. Qd2 Nxd1 24. Ne2 Ne3 25. Nd4 Nc4 26. Nb3
Qxc5 27. Nxc5 Nxd2 28. Nd3 Ne4 29. Kb2 Rc8 30. Rc1 Kg8 31. Nf4 Rc5 32. Re1 Kf7
33. Re3 f5 34. Rh3 Nf6 35. Re3 Rc4 36. g3 Re4 37. Rf3 b6 38. Kb3 Ke7 39. Nd3
Ke6 40. Nb4 Ng4 41. Rd3 Re3 42. Rd2 Nf6 43. Kb2 h5 44. Nc2 Ne4 45. Rxd5 Re2 46.
Rd8 Rxh2 47. Re8+ Kd5 48. Rd8+ Kc4 49. Rd4+ Kc5 50. Kb3 Nd2+ 51. Kb2 a5 52. a4
Nc4+ 53. Kb3 Nd2+ 54. Kb2 Ne4 55. Rd3 Rg2 56. Rf3 Nxg3 57. Kb3 h4 58. Ne3 h3
59. Nxf5 h2 60. Nxg3 Rxg3 61. Rf5+ Kd6 62. Rh5 Rg2 63. Kc4 Ke6 64. Rh6+ Kf5 65.
Kb5 Rb2+ 66. Ka6 Kg4 67. c4 Kg3 68. Rg6+ Kf4 69. Rh6 Ke4 70. Rh4+ Ke5 71. Kb7
Kd6 72. Rh5 Ke6 73. Kc6 Kf6 74. Kb7 Kg6 75. Rh8 Kf5 76. Rh4 Kg5 77. Rh8 Kf4 78.
Ka6 Kg3 79. Rg8+ Kf2 80. Rh8 Kg1 81. Rg8+ Rg2 82. Rh8 Rg6 83. c5 bxc5+ 84. Kxa5
h1=Q 85. Rxh1+ Kxh1 86. Kb5 Rg5 0-1

[Event "Bundesliga 9899"]
[Site "Deutschland"]
[Date "1999.01.31"]
[Round "9.4"]
[White "Kuczynski, Robert"]
[Black "Babula, Vlastimil"]
[Result "1/2-1/2"]
[WhiteElo "2430"]
[BlackElo "2565"]
[PlyCount "62"]
[EventDate "1998.10.17"]
[EventType "team"]
[EventRounds "15"]
[EventCountry "GER"]
[SourceTitle "Bundesliga 9899"]
[Source "DeepChess"]
[SourceDate "2005.01.01"]
[SourceVersion "1"]
[SourceVersionDate "2005.01.01"]
[SourceQuality "1"]
[WhiteTeam "Erfurter SK"]
[BlackTeam "SAbt SV Werder Bremen"]
[WhiteTeamCountry "GER"]
[BlackTeamCountry "GER"]

1. e4 c5 2. Nf3 Nc6 3. Bb5 d6 4. O-O Bd7 5. Re1 Nf6 6. c3 a6 7. Bf1 Bg4 8. d3
e6 9. Nbd2 Be7 10. h3 Bh5 11. g4 Bg6 12. Nh4 Nd7 13. Nxg6 hxg6 14. f4 g5 15. f5
Bf6 16. Nf3 Nde5 17. Be3 Nxf3+ 18. Qxf3 Qe7 19. Qf2 O-O-O 20. a3 Kb8 21. Rac1
Qd7 22. b4 cxb4 23. axb4 d5 24. exd5 exd5 25. d4 Na7 26. Qd2 Qc7 27. Bg2 Rde8
28. Bf2 Rxe1+ 29. Rxe1 Nb5 30. Re3 Qc6 31. Be1 Rd8 1/2-1/2

[Event "Bundesliga 9899"]
[Site "Deutschland"]
[Date "1999.01.31"]
[Round "9.5"]
[White "Meins, Gerlef"]
[Black "Enders, Peter"]
[Result "0-1"]
[WhiteElo "2439"]
[BlackElo "2474"]
[PlyCount "156"]
[EventDate "1998.10.17"]
[EventType "team"]
[EventRounds "15"]
[EventCountry "GER"]
[SourceTitle "Bundesliga 9899"]
[Source "DeepChess"]
[SourceDate "2005.01.01"]
[SourceVersion "1"]
[SourceVersionDate "2005.01.01"]
[SourceQuality "1"]
[WhiteTeam "SAbt SV Werder Bremen"]
[BlackTeam "Erfurter SK"]
[WhiteTeamCountry "GER"]
[BlackTeamCountry "GER"]

1. d4 Nf6 2. c4 e6 3. g3 d5 4. Bg2 dxc4 5. Nf3 c5 6. O-O Nc6 7. Qa4 Bd7 8. Qxc4
b5 9. Qd3 Rc8 10. dxc5 Bxc5 11. Nc3 Nb4 12. Qb1 Bc6 13. a3 Nbd5 14. Ne5 Nxc3
15. Bxc6+ Rxc6 16. bxc3 Rb6 17. Nd3 Be7 18. Be3 Rb7 19. c4 a6 20. a4 b4 21. a5
Qc8 22. Rc1 Ne4 23. Nxb4 Nxf2 24. Bxf2 Rxb4 25. Qe4 Bc5 26. Rab1 Rxb1 27. Rxb1
O-O 28. Rc1 Qc7 29. Bxc5 Qxc5+ 30. Kg2 h6 31. Rc2 Rd8 32. Qf3 Rd6 33. Qa8+ Kh7
34. Qf3 Rd7 35. Qf2 Qxa5 36. c5 Qa4 37. Rc3 Qc6+ 38. Qf3 Rd5 39. Qe4+ g6 40.
Rc2 a5 41. Qf3 Kg8 42. Rc3 a4 43. Ra3 Qxc5 44. Rxa4 g5 45. Ra8+ Kg7 46. Qa3
Qxa3 47. Rxa3 h5 48. Ra4 Kf6 49. Ra8 Rd4 50. Ra5 e5 51. Kf3 Kf5 52. Rb5 Ra4 53.
Rc5 f6 54. Rb5 Ra3+ 55. Kf2 Kg4 56. Kg2 Ra4 57. Rb6 Re4 58. h3+ Kf5 59. Kf3 Ra4
60. Rb5 Ra3+ 61. Kg2 h4 62. g4+ Ke4 63. Rb6 Rg3+ 64. Kh2 Re3 65. Rxf6 Rxe2+ 66.
Kg1 Re3 67. Rf5 Rxh3 68. Rxg5 Rg3+ 69. Kf2 Rf3+ 70. Ke2 Ra3 71. Rh5 Ra2+ 72.
Kf1 Kf3 73. Rf5+ Kg3 74. g5 h3 75. g6 h2 76. Rh5 Ra7 77. Ke2 Rg7 78. Rh6 Kg2
0-1

[Event "Bundesliga 9899"]
[Site "Deutschland"]
[Date "1999.01.31"]
[Round "9.6"]
[White "Renner, Christoph"]
[Black "Heissler, Jakob"]
[Result "1-0"]
[WhiteElo "2437"]
[BlackElo "2450"]
[PlyCount "77"]
[EventDate "1998.10.17"]
[EventType "team"]
[EventRounds "15"]
[EventCountry "GER"]
[SourceTitle "Bundesliga 9899"]
[Source "DeepChess"]
[SourceDate "2005.01.01"]
[SourceVersion "1"]
[SourceVersionDate "2005.01.01"]
[SourceQuality "1"]
[WhiteTeam "Erfurter SK"]
[BlackTeam "SAbt SV Werder Bremen"]
[WhiteTeamCountry "GER"]
[BlackTeamCountry "GER"]

1. e4 c5 2. g3 Nc6 3. Bg2 g6 4. d3 Bg7 5. f4 d6 6. Nf3 e6 7. O-O Nge7 8. c3 O-O
9. Be3 b6 10. d4 Bb7 11. Na3 cxd4 12. cxd4 a6 13. e5 Rb8 14. Bf2 Nb4 15. Nc4
Nc8 16. Qd2 Nd5 17. Rac1 h6 18. Rfd1 Ba8 19. Qe2 b5 20. Ncd2 Rb7 21. Ne4 Rc7
22. h4 h5 23. Nfg5 Qe7 24. Bh3 Bb7 25. Kh2 Bh6 26. Be1 Rxc1 27. Rxc1 dxe5 28.
fxe5 Ndb6 29. Nf6+ Kg7 30. Bd2 Nd5 31. Rf1 Ncb6 32. g4 Bxg5 33. Bxg5 Qb4 34.
gxh5 Qxd4 35. Ng4 gxh5 36. Bh6+ Kh8 37. Nf6 Nxf6 38. exf6 Rg8 39. Qxh5 1-0

[Event "Bundesliga 9899"]
[Site "Deutschland"]
[Date "1999.01.31"]
[Round "9.7"]
[White "Kachiani Gersinska, Ketino"]
[Black "Voekler, Bernd"]
[Result "1/2-1/2"]
[WhiteElo "2439"]
[BlackElo "2360"]
[PlyCount "179"]
[EventDate "1998.10.17"]
[EventType "team"]
[EventRounds "15"]
[EventCountry "GER"]
[SourceTitle "Bundesliga 9899"]
[Source "DeepChess"]
[SourceDate "2005.01.01"]
[SourceVersion "1"]
[SourceVersionDate "2005.01.01"]
[SourceQuality "1"]
[WhiteTeam "SAbt SV Werder Bremen"]
[BlackTeam "Erfurter SK"]
[WhiteTeamCountry "GER"]
[BlackTeamCountry "GER"]

1. d4 Nf6 2. c4 g6 3. Nc3 Bg7 4. e4 d6 5. Be2 O-O 6. Bg5 Na6 7. h4 c5 8. d5 Nc7
9. Qd2 e6 10. h5 exd5 11. exd5 a6 12. Qf4 b5 13. O-O-O Nce8 14. cxb5 Qa5 15.
Bh6 Qb4 16. a3 Qxf4+ 17. Bxf4 gxh5 18. f3 axb5 19. Bxb5 Bf5 20. Nge2 Rb8 21.
Bd3 Bg6 22. Rd2 Nd7 23. Ne4 Ne5 24. Bxe5 Bxe5 25. f4 Bg7 26. N2c3 Bd4 27. Re1
h4 28. Nb5 Bxe4 29. Rxe4 Nf6 30. Re1 Nxd5 31. Nxd4 cxd4 32. Re4 Rfe8 33. Rxd4
Re1+ 34. Rd1 Rxd1+ 35. Kxd1 Ne3+ 36. Ke2 Nxg2 37. b4 h3 38. Kf2 Ra8 39. Bf5
Rxa3 40. Bxh3 Nxf4 41. Bf5 Ng6 42. Rxd6 Rb3 43. Rb6 Kg7 44. b5 Ne5 45. Bc8 f5
46. Rb7+ Kg6 47. Bxf5+ Kxf5 48. Rxh7 Rxb5 49. Ke3 Rb4 50. Rh5+ Ke6 51. Rh8 Ng4+
52. Kd3 Nf6 53. Rh1 Kd5 54. Ke3 Ng4+ 55. Kf3 Ne5+ 56. Ke3 Re4+ 57. Kf2 Rf4+ 58.
Ke3 Rf3+ 59. Ke2 Ra3 60. Rh5 Ke4 61. Rh4+ Kf5 62. Rh5+ Kf4 63. Rh4+ Ng4 64. Kd2
Rg3 65. Rh8 Ke4 66. Rh4 Kd4 67. Kc2 Kc4 68. Kb2 Rg1 69. Rh8 Rg2+ 70. Ka3 Ne3
71. Rc8+ Kd4 72. Kb3 Rg7 73. Rd8+ Nd5 74. Kc2 Rg2+ 75. Kb3 Rh2 76. Rg8 Rh7 77.
Rg4+ Kd3 78. Rg3+ Ne3 79. Kb4 Rh5 80. Rf3 Rg5 81. Rh3 Rf5 82. Rg3 Kd4 83. Rh3
Nd5+ 84. Kb3 Rf1 85. Rh4+ Nf4 86. Rg4 Rf2 87. Kb4 Rf3 88. Kb5 Kd5 89. Rg5+ Kd6
90. Kc4 1/2-1/2

[Event "Bundesliga 9899"]
[Site "Deutschland"]
[Date "1999.01.31"]
[Round "9.8"]
[White "Langheinrich, Ferenc"]
[Black "Hedke, Fred"]
[Result "0-1"]
[WhiteElo "2279"]
[BlackElo "2359"]
[PlyCount "56"]
[EventDate "1998.10.17"]
[EventType "team"]
[EventRounds "15"]
[EventCountry "GER"]
[SourceTitle "Bundesliga 9899"]
[Source "DeepChess"]
[SourceDate "2005.01.01"]
[SourceVersion "1"]
[SourceVersionDate "2005.01.01"]
[SourceQuality "1"]
[WhiteTeam "Erfurter SK"]
[BlackTeam "SAbt SV Werder Bremen"]
[WhiteTeamCountry "GER"]
[BlackTeamCountry "GER"]

1. e4 e5 2. Nf3 Nc6 3. Bb5 d6 4. d4 Bd7 5. d5 Nb8 6. Bxd7+ Nxd7 7. c4 g6 8. Nc3
Bg7 9. O-O Ne7 10. Ne1 O-O 11. Nd3 f5 12. exf5 gxf5 13. f4 Ng6 14. Be3 Nf6 15.
h3 Ne4 16. fxe5 Nxc3 17. bxc3 Bxe5 18. Nxe5 dxe5 19. Bh6 Rf7 20. Qh5 Qd7 21. g4
f4 22. Qg5 Re8 23. h4 f3 24. Kh2 e4 25. Kh3 f2 26. h5 Rf3+ 27. Kh2 Qd6+ 28. Kh1
Rh3+ 0-1

[Event "Bundesliga 9899"]
[Site "Deutschland"]
[Date "1999.01.31"]
[Round "9.2"]
[White "Wahls, Matthias"]
[Black "Nielsen, Peter Heine"]
[Result "1/2-1/2"]
[WhiteElo "2609"]
[BlackElo "2515"]
[PlyCount "108"]
[EventDate "1998.10.17"]
[EventType "team"]
[EventRounds "15"]
[EventCountry "GER"]
[SourceTitle "Bundesliga 9899"]
[Source "DeepChess"]
[SourceDate "2005.01.01"]
[SourceVersion "1"]
[SourceVersionDate "2005.01.01"]
[SourceQuality "1"]
[WhiteTeam "Hamburger SK 1830 e.V."]
[BlackTeam "SV Wattenscheid 1930"]
[WhiteTeamCountry "GER"]
[BlackTeamCountry "GER"]

1. e4 e5 2. Nf3 Nf6 3. Nxe5 d6 4. Nf3 Nxe4 5. d4 d5 6. Bd3 Nc6 7. O-O Be7 8. c4
Nb4 9. Be2 O-O 10. Nc3 Be6 11. Ne5 f6 12. Ng4 dxc4 13. Nxe4 f5 14. Nd2 fxg4 15.
Bxc4 Bxc4 16. Nxc4 c5 17. a3 Nc6 18. dxc5 Qxd1 19. Rxd1 Bxc5 20. Be3 Bxe3 21.
fxe3 Rae8 22. Rd5 h6 23. Rf1 Re6 24. Rxf8+ Kxf8 25. Kf2 Ke7 26. b4 a6 27. b5
axb5 28. Rxb5 Nd8 29. Na5 Ra6 30. Kg3 Kf6 31. Kxg4 Nc6 32. Nxb7 Ne5+ 33. Kf4
Ra4+ 34. Kg3 Rxa3 35. Rb6+ Kf7 36. Nd6+ Kg8 37. Nf5 g6 38. Re6 gxf5 39. Rxe5
Kg7 40. Kf4 Ra2 41. Rxf5 Kg6 42. e4 Rxg2 43. h4 h5 44. Ke5 Rh2 45. Rf6+ Kg7 46.
Rf4 Ra2 47. Kf5 Rg2 48. e5 Kf7 49. Ke4+ Ke7 50. Kd5 Rg4 51. Rc4 Kd7 52. e6+ Ke7
53. Rc7+ Ke8 54. Rc4 Ke7 1/2-1/2

[Event "Bundesliga 9899"]
[Site "Deutschland"]
[Date "1999.01.31"]
[Round "9.4"]
[White "Mueller, Karsten"]
[Black "Ziegler, Ari"]
[Result "1-0"]
[WhiteElo "2558"]
[BlackElo "2402"]
[PlyCount "81"]
[EventDate "1998.10.17"]
[EventType "team"]
[EventRounds "15"]
[EventCountry "GER"]
[SourceTitle "Bundesliga 9899"]
[Source "DeepChess"]
[SourceDate "2005.01.01"]
[SourceVersion "1"]
[SourceVersionDate "2005.01.01"]
[SourceQuality "1"]
[WhiteTeam "Hamburger SK 1830 e.V."]
[BlackTeam "SV Wattenscheid 1930"]
[WhiteTeamCountry "GER"]
[BlackTeamCountry "GER"]

1. e4 c5 2. Nf3 Nc6 3. d4 cxd4 4. Nxd4 Nf6 5. Nc3 e5 6. Nf5 d5 7. exd5 Bxf5 8.
dxc6 bxc6 9. Qf3 Qc8 10. Ba6 Qxa6 11. Qxf5 Bd6 12. Bh6 Nh5 13. Qxh5 gxh6 14.
O-O-O O-O-O 15. Qxf7 Kb8 16. Ne4 Bc7 17. Nc5 Qa5 18. Qc4 Qb5 19. Qxb5+ cxb5 20.
Rxd8+ Rxd8 21. Rd1 Rg8 22. g3 Kc8 23. Rd5 Rf8 24. Ne4 a6 25. Kd2 h5 26. Ke2 h4
27. Rd3 hxg3 28. hxg3 Rg8 29. Rf3 Rg6 30. Rf7 Rc6 31. Kd3 h6 32. Rf6 Kd7 33.
Rxc6 Kxc6 34. g4 Bd8 35. c4 Be7 36. f3 Bh4 37. Nc3 Kc5 38. cxb5 axb5 39. Ke4
Bg3 40. Ne2 Bh2 41. Nc1 1-0

[Event "Bundesliga 9899"]
[Site "Deutschland"]
[Date "1999.01.31"]
[Round "9.5"]
[White "Holzke, Frank"]
[Black "Heinemann, Thies"]
[Result "1/2-1/2"]
[WhiteElo "2447"]
[BlackElo "2483"]
[PlyCount "42"]
[EventDate "1998.10.17"]
[EventType "team"]
[EventRounds "15"]
[EventCountry "GER"]
[SourceTitle "Bundesliga 9899"]
[Source "DeepChess"]
[SourceDate "2005.01.01"]
[SourceVersion "1"]
[SourceVersionDate "2005.01.01"]
[SourceQuality "1"]
[WhiteTeam "SV Wattenscheid 1930"]
[BlackTeam "Hamburger SK 1830 e.V."]
[WhiteTeamCountry "GER"]
[BlackTeamCountry "GER"]

1. e4 c5 2. Nf3 d6 3. d4 cxd4 4. Nxd4 Nf6 5. Nc3 a6 6. Bg5 e6 7. f4 Be7 8. Qf3
Qc7 9. O-O-O Nbd7 10. g4 b5 11. Bxf6 Nxf6 12. g5 Nd7 13. f5 Bxg5+ 14. Kb1 Ne5
15. Qh5 Qe7 16. Nxe6 Bxe6 17. fxe6 g6 18. exf7+ Kxf7 19. Qh3 Kg7 20. Nd5 Qd8
21. Qc3 Ra7 1/2-1/2

[Event "Bundesliga 9899"]
[Site "Deutschland"]
[Date "1999.01.31"]
[Round "9.6"]
[White "Reeh, Oliver"]
[Black "Franke, Johannes"]
[Result "1/2-1/2"]
[WhiteElo "2420"]
[BlackElo "2270"]
[PlyCount "78"]
[EventDate "1998.10.17"]
[EventType "team"]
[EventRounds "15"]
[EventCountry "GER"]
[SourceTitle "Bundesliga 9899"]
[Source "DeepChess"]
[SourceDate "2005.01.01"]
[SourceVersion "1"]
[SourceVersionDate "2005.01.01"]
[SourceQuality "1"]
[WhiteTeam "Hamburger SK 1830 e.V."]
[BlackTeam "SV Wattenscheid 1930"]
[WhiteTeamCountry "GER"]
[BlackTeamCountry "GER"]

1. e4 c6 2. c4 d5 3. cxd5 cxd5 4. exd5 Nf6 5. Nc3 a6 6. d4 g6 7. Nf3 Bg7 8. Bc4
b5 9. Bb3 Bb7 10. O-O O-O 11. Bg5 Nbd7 12. Ne5 Nb6 13. Nc6 Qd7 14. Qf3 Nc4 15.
Bxc4 bxc4 16. Rfe1 Rfe8 17. Nxe7+ Rxe7 18. Bxf6 Rxe1+ 19. Rxe1 Re8 20. Rxe8+
Qxe8 21. h3 Qe1+ 22. Kh2 Qd2 23. Bxg7 Kxg7 24. Qe3 Qxb2 25. d6 Bc6 26. d5 Bd7
27. Qe5+ Kg8 28. f4 Bf5 29. Qd4 Qb4 30. g4 Qb2+ 31. Kg3 Bd7 32. Qe5 Qc1 33. Qd4
Qe1+ 34. Kg2 h5 35. Ne4 Qe2+ 36. Kg1 Qe1+ 37. Kg2 Qe2+ 38. Kg1 Qe1+ 39. Kg2
Qe2+ 1/2-1/2

[Event "Bundesliga 9899"]
[Site "Deutschland"]
[Date "1999.01.31"]
[Round "9.8"]
[White "Sievers, Stefan"]
[Black "Thiel, Thomas"]
[Result "1/2-1/2"]
[WhiteElo "2340"]
[BlackElo "2311"]
[PlyCount "59"]
[EventDate "1998.10.17"]
[EventType "team"]
[EventRounds "15"]
[EventCountry "GER"]
[SourceTitle "Bundesliga 9899"]
[Source "DeepChess"]
[SourceDate "2005.01.01"]
[SourceVersion "1"]
[SourceVersionDate "2005.01.01"]
[SourceQuality "1"]
[WhiteTeam "Hamburger SK 1830 e.V."]
[BlackTeam "SV Wattenscheid 1930"]
[WhiteTeamCountry "GER"]
[BlackTeamCountry "GER"]

1. e4 c6 2. d4 d5 3. exd5 cxd5 4. c4 Nf6 5. Nc3 Nc6 6. Nf3 Be6 7. c5 a6 8. h3
g6 9. Bd3 Bg7 10. O-O O-O 11. a3 Bf5 12. Re1 Ne4 13. Nxe4 dxe4 14. Bxe4 Bxe4
15. Rxe4 Qd5 16. Re1 Nxd4 17. Nxd4 Qxd4 18. Qxd4 Bxd4 19. Rxe7 Rfe8 20. Rxe8+
Rxe8 21. Be3 Bxe3 22. fxe3 Rxe3 23. Rd1 Rb3 24. Rd8+ Kg7 25. Rb8 Rxb2 26. c6
Rc2 27. cxb7 Rb2 28. Kf1 Kf6 29. Ke1 Ke7 30. Kd1 1/2-1/2

[Event "Bundesliga 9899"]
[Site "Deutschland"]
[Date "1999.01.31"]
[Round "9.1"]
[White "Rausis, Igors"]
[Black "Eingorn, Vereslav S"]
[Result "1/2-1/2"]
[WhiteElo "2508"]
[BlackElo "2592"]
[PlyCount "20"]
[EventDate "1998.10.17"]
[EventType "team"]
[EventRounds "15"]
[EventCountry "GER"]
[SourceTitle "Bundesliga 9899"]
[Source "DeepChess"]
[SourceDate "2005.01.01"]
[SourceVersion "1"]
[SourceVersionDate "2005.01.01"]
[SourceQuality "1"]
[WhiteTeam "SK Viernheim"]
[BlackTeam "PSV Turm Duisburg 1920 e.V."]
[WhiteTeamCountry "GER"]
[BlackTeamCountry "GER"]

1. d4 Nf6 2. Nf3 e6 3. c4 Bb4+ 4. Nbd2 a5 5. g3 b6 6. Bg2 Bb7 7. O-O O-O 8. Qc2
Bxd2 9. Bxd2 Be4 10. Qc3 Nc6 1/2-1/2

[Event "Bundesliga 9899"]
[Site "Deutschland"]
[Date "1999.01.31"]
[Round "9.3"]
[White "Kraai, Jesse"]
[Black "Unzicker, Wolfgang"]
[Result "1/2-1/2"]
[WhiteElo "2386"]
[BlackElo "2440"]
[PlyCount "95"]
[EventDate "1998.10.17"]
[EventType "team"]
[EventRounds "15"]
[EventCountry "GER"]
[SourceTitle "Bundesliga 9899"]
[Source "DeepChess"]
[SourceDate "2005.01.01"]
[SourceVersion "1"]
[SourceVersionDate "2005.01.01"]
[SourceQuality "1"]
[WhiteTeam "SK Viernheim"]
[BlackTeam "PSV Turm Duisburg 1920 e.V."]
[WhiteTeamCountry "GER"]
[BlackTeamCountry "GER"]

1. d4 Nf6 2. c4 e6 3. Nf3 d5 4. Nc3 Be7 5. Bg5 h6 6. Bh4 O-O 7. e3 b6 8. Be2
Bb7 9. Bxf6 Bxf6 10. cxd5 exd5 11. b4 c5 12. bxc5 bxc5 13. Rb1 Bc6 14. O-O Nd7
15. Bb5 Qc7 16. Qd2 Rfd8 17. Rfc1 Rac8 18. h3 Qd6 19. a4 Ba8 20. Ne2 cxd4 21.
Nexd4 Ne5 22. Nxe5 Bxe5 23. Qa5 Rc7 24. Nf5 Qb6 25. Qxb6 axb6 26. f4 Rxc1+ 27.
Rxc1 Bb2 28. Rc8 Rxc8 29. Ne7+ Kf8 30. Nxc8 d4 31. Nxb6 Be4 32. Nc4 Bc3 33.
exd4 Bxd4+ 34. Kh2 Bd5 35. Ne5 Ke7 36. g4 g5 37. Kg3 Kd6 38. Nf3 Bxf3 39. Kxf3
Bc3 40. Ke4 Bd2 41. fxg5 hxg5 42. Kf5 Ke7 43. Ke5 f6+ 44. Kd5 Kd8 45. Kc6 Kc8
46. Kb6 Kb8 47. a5 Be3+ 48. Kc6 1/2-1/2